|
|
|
|
| LEADER |
00000naa2a2200000 4500 |
| 001 |
195532 |
| 005 |
20231031182849.0 |
| 035 |
|
|
|a (RuTPU)RU\TPU\book\213330
|
| 035 |
|
|
|a RU\TPU\book\213329
|
| 090 |
|
|
|a 195532
|
| 100 |
|
|
|a 20110511d1965 k y0rusy50 ca
|
| 101 |
0 |
|
|a rus
|
| 102 |
|
|
|a RU
|
| 200 |
1 |
|
|a Получение крупногранулированного угля из гидролизного лигнина в шахтной печи непрерывного действия
|f Е. И. Ахмина [и др.]
|
| 225 |
1 |
|
|a Использование лигнина
|
| 320 |
|
|
|a Библиогр.: с. 268 (6 назв.)
|
| 461 |
|
0 |
|0 (RuTPU)RU\TPU\book\213269
|t Сборник трудов Всесоюзного научно-исследовательского института гидролизной и сульфитно-спиртовой промышленности (ВНИИГС)
|f Всесоюзный научно-исследовательский институт гидролизной и сульфитно-спиртовой промышленности (ВНИИГС)
|d 1965-1967
|
| 463 |
|
0 |
|0 (RuTPU)RU\TPU\book\213270
|t Том 14
|f под ред. Ю. А. Цирлина
|v С. 258-268
|d 1965
|p 284 с.
|
| 701 |
|
1 |
|a Ахмина
|b Е. И.
|
| 701 |
|
1 |
|a Безмозгин
|b Э. С.
|
| 701 |
|
1 |
|a Лапин
|b В. Н.
|
| 701 |
|
1 |
|a Левит
|b Р. М.
|
| 701 |
|
1 |
|a Сухановский
|b С. И.
|
| 701 |
|
1 |
|a Сорокин
|b Я. З.
|
| 801 |
|
1 |
|a RU
|b 63413507
|c 20110511
|
| 801 |
|
2 |
|a RU
|b 63413507
|c 20111007
|g RCR
|
| 942 |
|
|
|c BK
|